000 00639nam a2200241Ia 4500
003 OSt
005 20221007073018.0
006 a|||||r|||| 00| 0
007 ta
008 221006b |||||||| |||| 00| 0 eng d
024 _a9,574
037 _cReference Collections
040 _aFLL
_cFLL
_beng
041 _2eng
_aeng
082 _aZ2,94, N5
100 _aMurphy Peter
245 0 _aMurply on evidence
250 _a5th
260 _aLondon
_bUniversal Law Publishing Co. Pvt. Ltd. London
_c1995
300 _a566p
_ccm.
942 _hZ2,94, N5
_cREF
_2CC
999 _c1147477
_d1147477